| 000 | 01136akm a2200385a 44500 | ||
|---|---|---|---|
| 008 | 060523s2006 cat | ||
| 041 | _acat | ||
| 041 | _blat | ||
| 041 | _bspa | ||
| 080 | _a597(038) | ||
| 110 |
_aConsorci per a la Normalització Lingüística. Oficina de Català de Blanes _972457 |
||
| 245 | _aVocabulari del peix i el marisc | ||
| 245 | _cConsorci per a la Normalització Lingüística. Oficina de Català de Blanes. | ||
| 245 | _h[tríptic] | ||
| 260 | _aBlanes | ||
| 260 | _bConsorci per a la Normalització Lingüística. Oficina de Català de Blanes | ||
| 260 | _c2006 | ||
| 500 | _aCategoria gramatical | ||
| 520 | _a96 | ||
| 591 | _a9194 | ||
| 592 | _aObra terminològica | ||
| 593 | _aDGC | ||
| 593 | _aKRK | ||
| 594 | _a9194 | ||
| 650 |
_amarisc _964787 |
||
| 650 |
_apeix _962559 |
||
| 650 |
_apeixos _960724 |
||
| 856 | _uhttps://www.cpnl.cat/media/upload/pdf/PeixMarisc_editora_grup_30_163.pdf | ||
| 901 | _c[<2006>] | ||
| 902 | _a060523 | ||
| 942 |
_cMO _2ddc _n0 |
||
| 999 |
_c63925 _d63925 |
||